Basic and advance python programming/ (Record no. 3810)

MARC details
000 -LEADER
fixed length control field 00609nam a22001817a 4500
003 - CONTROL NUMBER IDENTIFIER
control field OSt
005 - DATE AND TIME OF LATEST TRANSACTION
control field 20250725030348.0
008 - FIXED-LENGTH DATA ELEMENTS--GENERAL INFORMATION
fixed length control field 250725b |||||||| |||| 00| 0 eng d
020 ## - INTERNATIONAL STANDARD BOOK NUMBER
International Standard Book Number 978-93-91383-63-3
040 ## - CATALOGING SOURCE
Original cataloging agency DWC-Main Lib
Transcribing agency OC
082 ## - DEWEY DECIMAL CLASSIFICATION NUMBER
Classification number Res. 005.133 V522b 2023
100 ## - MAIN ENTRY--PERSONAL NAME
Personal name Verma, Agya Ram
245 ## - TITLE STATEMENT
Title Basic and advance python programming/
Statement of responsibility, etc. Agya Ram Verma
260 ## - PUBLICATION, DISTRIBUTION, ETC.
Place of publication, distribution, etc. New Delhi :
Name of publisher, distributor, etc. Nipa Genx Electronic Resources & Solution P.LTD,
Date of publication, distribution, etc. c2023.
300 ## - PHYSICAL DESCRIPTION
Extent viii, 219 pages :
Other physical details illustrations ;
Dimensions 23cm.
650 ## - SUBJECT ADDED ENTRY--TOPICAL TERM
Topical term or geographic name entry element 1. Phyton- programming--programming language.
942 ## - ADDED ENTRY ELEMENTS (KOHA)
Source of classification or shelving scheme Dewey Decimal Classification
Koha item type Book- Reserved
Call number prefix Res.
Suppress in OPAC No
952 ## - LOCATION AND ITEM INFORMATION (KOHA)
--
Holdings
Withdrawn status Lost status Source of classification or shelving scheme Damaged status Not for loan Home library Current library Shelving location Date acquired Source of acquisition Total Checkouts Full call number Barcode Date last seen Copy number Price effective from Koha item type Uniform Resource Identifier
    Dewey Decimal Classification     College Library College Library Reserved 11/23/2024 School Fund   Res. 005.133 V522b 2023 54247 07/25/2025 c1 07/25/2025 BK-0 CIRC